| 000 | 00426nam a22001697a 4500 | ||
|---|---|---|---|
| 005 | 20251108170650.0 | ||
| 008 | 250721s1959 xx 000 0 eng d | ||
| 082 | 1 | 4 | _a999/DEB |
| 100 | 1 | _aDebenham, Frank | |
| 245 | 1 | 0 |
_aAntarctica : _bthe story of a continent / |
| 264 | 1 |
_aLondon : _bHerbert Jankins, _c1959. |
|
| 300 | _a264p : ill | ||
| 650 | 1 | 7 | _aAntarctica |
| 650 | 1 | 7 | _aHistory |
| 942 |
_2ddc _cBK |
||
| 999 |
_c46100 _d46100 |
||